| 000 | 00933 a2200193 4500 | ||
|---|---|---|---|
| 003 | NUST | ||
| 005 | 20221117140320.0 | ||
| 010 | _a 74016393 | ||
| 020 | _a0871501708 | ||
| 040 | _cNust | ||
| 082 | 0 | 0 | _a515,LOE |
| 100 | 1 |
_aLoewen, Kenneth. _9102904 |
|
| 245 | 1 | 0 |
_aCalculus for management, economics, and the life sciences / _cKenneth Loewen |
| 260 |
_aBoston, _bPrindle, Weber & Schmidt _c[1974, c1975] |
||
| 300 |
_axii, 436p.: _billus. _c25 cm. |
||
| 505 | _aIntroduction (Page-1), Functions and Graphs (Page-7), The Derivative (Page-65), Partial Derivatives (Page-117), Level Curves and Implicit Functions (Page-137), Exponentials and Logarithms (Page-153), Elementary Optimization Techniques (Page-181), Optimization with Constraints (Page-221), Integration (Page-233), More Integration (Page-289), Differential Equations (Page-309), Trigonometric Functions (Page-329). | ||
| 650 | 0 | _aCalculus. | |
| 942 |
_2ddc _cBK _k515,LOE |
||
| 999 |
_c181000 _d181000 |
||